| 000 | 01105cam a2200253 i 4500 | ||
|---|---|---|---|
| 003 | SA-RiAUC | ||
| 005 | 20260330140115.0 | ||
| 008 | 260319s1906 gz g 00000 ara c | ||
| 040 |
_aSA-RiKSU _bara _cSA-RiAUC _erda |
||
| 043 | _aa-su--- | ||
| 082 | 0 | 4 | _a915.31204 |
| 090 |
_aم ن 915.31204 _bع ب د ل |
||
| 100 | 1 |
_aعبد الله صوفان، عبد الله بن عودة بن عبد الله، _d1246-1331 هجري _eمؤلف. |
|
| 245 | 1 | 2 |
_aالرحلة الحجازية والرياض الإنسية في الحوادث والمسائل العلمية / _cعبد الله القدومي. |
| 264 | 1 |
_a[مكان النشر غير محدد] : _b[الناشر غير محدد]، _c[1906] |
|
| 264 | 3 |
_aنابلس، فلسطين : _bالمطبعة الرضوية |
|
| 300 |
_a228 صفحة ؛ _c24 سم |
||
| 336 |
_aنص _btxt _2rdacontent _3كتاب |
||
| 337 |
_aبدون وسيط _bn _2rdamedia |
||
| 338 |
_aمجلد _bnc _2rdacarrier |
||
| 651 | 7 |
_aالحجاز (السعودية) _xوصف ورحلات _2aucsh |
|
| 942 |
_2ddc _cRBOOK COPY _n0 |
||
| 949 |
_aSA-JeALM _d260319 _umohamedma123 _n1 |
||
| 999 |
_c14697 _d14697 |
||